Lenin and philosophy, and other essays / (Record no. 178990)

MARC details
000 -LEADER
fixed length control field 00716nam a22002057a 4500
005 - DATE AND TIME OF LATEST TRANSACTION
control field 20210504124332.0
010 ## - LCCN (DPL NO)
LC control number B-739903
020 ## - INTERNATIONAL STANDARD BOOK NUMBER
International Standard Book Number 9788187879862
Terms of availability 225.00
035 ## - SYSTEM CONTROL NUMBER
System control number B-739903
037 ## - SOURCE OF ACQUISITION
Source of stock number/acquisition Gift
082 ## - DEWEY DECIMAL CLASSIFICATION NUMBER
Classification number 335.43
100 ## - MAIN ENTRY--PERSONAL NAME
Personal name Althusser, Louis
245 ## - TITLE STATEMENT
Title Lenin and philosophy, and other essays /
Statement of responsibility, etc by Louis Althusser ; translated by Ben Brewster
260 ## - PUBLICATION, DISTRIBUTION, ETC. (IMPRINT)
Place of publication, distribution, etc Delhi
Name of publisher, distributor, etc Aakar Books
Date of publication, distribution, etc 2006
270 ## - ADDRESS
Address 28E Pocket IV, Mayur Vihar, Phase I
City Delhi
Postal code 110091
300 ## - PHYSICAL DESCRIPTION
Extent xvii, 173p.
Dimensions 24cm(pbk)
700 ## - ADDED ENTRY--PERSONAL NAME
Personal name Brewster, Ben
942 ## - ADDED ENTRY ELEMENTS (KOHA)
Source of classification or shelving scheme Dewey Decimal Classification
Item type English Books
Classification part 335.43
Call number suffix ALT
Holdings
Withdrawn status Lost status Not for loan Collection code Home library Current library Date acquired Source of acquisition Cost, normal purchase price Full call number Barcode Copy number Cost, replacement price Koha item type Public note
      Non-fiction Ashok Vihar Ashok Vihar 04/05/2021 Gift/Eng/2021 225.00 335.43 ALT B-739903 1 225.00 English Books GIft

© Delhi Public Library
Hit Counter
free hit counter